LEADER 01046nam0 2200241 i 450 001 SUN0045187 005 20090828120000.0 100 $a20060522d1937 |0itac50 ba 101 $aita 102 $aIT 105 $a|||| ||||| 200 1 $aTributi di registro$eLegge 30 Dicembre 1923, n. 3269 e leggi successive coordinate in testo unico a tutto aprile 1937 e corredate da massime di giurisprudenza e risoluzioni ufficiali. Pubblicazione commemorativa del III giubileo delle massime del registro (1863-1937)$fGino Avezza 205 $aMilano : Giuffrè$b1937 210 $aXII$d302 p. ; 22 cm 215 $aFondo Raffaele Papa. 620 $dMilano$3SUNL000284 700 1$aAvezza$b, Gino$3SUNV036393$0233631 712 $aGiuffrè$3SUNV001757$4650 801 $aIT$bSOL$c20191216$gRICA 912 $aSUN0045187 950 $aUFFICIO DI BIBLIOTECA DEL DIPARTIMENTO DI GIURISPRUDENZA$d00CONS XIX.B.1 $e00FP 27750 20061123 996 $aTributi di registro$91422559 997 $aUNICAMPANIA